000 02018nam a2200409 a 4500
001 ebr10519724
003 CaPaEBR
006 m u
007 cr cn|||||||||
008 110418s2011 txua sb s001 0 eng d
010 _z 2011015285
020 _z9780292728622
020 _z9780292735477 (e-book)
040 _aCaPaEBR
_cCaPaEBR
035 _a(OCoLC)772692297
043 _as-pe---
050 1 4 _aF3451.M8
_bR53 2011eb
082 0 4 _a985/.34
_222
100 1 _aRice, Prudence M.
245 1 0 _aVintage Moquegua
_h[electronic resource] :
_bhistory, wine, and archaeology on a colonial Peruvian periphery /
_cby Prudence M. Rice.
250 _a1st ed.
260 _aAustin :
_bUniversity of Texas Press,
_cc2011.
300 _axix, 343 p. :
_bill.
490 1 _aJoe R. and Teresa Lozano Long series in Latin American and Latino art and culture
504 _aIncludes bibliographical references and index.
505 0 _apt. 1. Background and deep context -- pt. 2. Actors and institutions : Moquegua on the periphery of empire -- pt. 3. Wine : the commodity -- pt. 4. Material culture : objects as actors and agents -- pt. 5. Concluding synthesis : on the frontier of a periphery of an empire.
533 _aElectronic reproduction.
_bPalo Alto, Calif. :
_cebrary,
_d2013.
_nAvailable via World Wide Web.
_nAccess may be limited to ebrary affiliated libraries.
650 0 _aWine and wine making
_zPeru
_zMoquegua River Valley
_xHistory.
650 0 _aViticulture
_zPeru
_zMoquegua River Valley
_xHistory.
650 0 _aExcavations (Archaeology)
_zPeru
_zMoquegua River Valley.
651 0 _aMoquegua River Valley (Peru)
_xHistory.
651 0 _aMoquegua River Valley (Peru)
_xAntiquities.
655 7 _aElectronic books.
_2local
710 2 _aebrary, Inc.
830 0 _aJoe R. and Teresa Lozano Long series in Latin American and Latino art and culture.
856 4 0 _uhttp://site.ebrary.com/lib/rucke/Doc?id=10519724
_zAn electronic book accessible through the World Wide Web; click to view
999 _c141344
_d141344